Greuther Fürth Bundesliga History - Statistiken

Allgemein
  • Dieses Quiz wurde 12 mal gespielt
  • Das Durchschnittsergebnis liegt bei 9 aus 57
Antwortstatistiken
Kleeblättler % Korrekt
Branimir Hrgota
78%
Felix Klaus
56%
Gerald Asamoah
56%
Max Grün
56%
Dickson Abiama
33%
Edgar Prib
33%
Gideon Jung
33%
Jamie Leweling
33%
Julian Green
33%
Marco Meyerhöfer
33%
Mergim Mavraj
33%
Simon Asta
33%
Andreas Linde
22%
Bernd Nehrig
22%
Luca Itter
22%
Maximilian Bauer
22%
Sascha Burchert
22%
Thomas Kleine
22%
Zoltán Stieber
22%
Abdourahmane Barry
11%
Afimico Pululu
11%
Cedric Itten
11%
Christopher Nöthe
11%
Edú
11%
Havard Nielsen
11%
Jeremy Dudziak
11%
Jessic Ngankam
11%
Johannes Geis
11%
Justin Hoogma
11%
Marius Funk
11%
Milorad Pekovic
11%
Nick Viergever
11%
Paul Seguin
11%
Sebastian Griesbeck
11%
Stephan Fürstner
11%
Wolfgang Hesl
11%
Abdul Rahman Baba
0%
Djiby Fall
0%
Florian Trinks
0%
Heinrich Schmidtgal
0%
Ilir Azemi
0%
Jetro Willems
0%
József Varga
0%
Jung-bin Park
0%
Lasse Sobiech
0%
Matthias Zimmermann
0%
Max Christiansen
0%
Michael Hefele
0%
Nikola Djurdjic
0%
Nunoo Sarpei
0%
Robert Zillner
0%
Sebastian Tyrala
0%
Sercan Sararer
0%
Tayfun Pektürk
0%
Thanos Petsos
0%
Thomas Pledl
0%
Timothy Tillman
0%
Keine übereinstimmenden Quizze gefunden
Verteilung der Resultate
Anzahl Personen mit jedem Resultat
Perzentil nach korrekt beantworteten Fragen
Ihre Resultats-Entwicklung
Sie haben dieses Quiz noch nicht gespielt